<?xml version="1.0" encoding="UTF-8"?><?xml-stylesheet type="text/xsl" href="static/style.xsl"?><OAI-PMH xmlns="http://www.openarchives.org/OAI/2.0/" xmlns:xsi="http://www.w3.org/2001/XMLSchema-instance" xsi:schemaLocation="http://www.openarchives.org/OAI/2.0/ http://www.openarchives.org/OAI/2.0/OAI-PMH.xsd"><responseDate>2026-06-06T01:28:53Z</responseDate><request verb="GetRecord" identifier="oai:riuma.uma.es:10630/28959" metadataPrefix="marc">https://riuma.uma.es/rest/oai/request</request><GetRecord><record><header><identifier>oai:riuma.uma.es:10630/28959</identifier><datestamp>2026-02-03T11:24:47Z</datestamp><setSpec>com_10630_2254</setSpec><setSpec>col_10630_37953</setSpec></header><metadata><record xmlns="http://www.loc.gov/MARC21/slim" xmlns:dcterms="http://purl.org/dc/terms/" xmlns:doc="http://www.lyncode.com/xoai" xmlns:xsi="http://www.w3.org/2001/XMLSchema-instance" xsi:schemaLocation="http://www.loc.gov/MARC21/slim http://www.loc.gov/standards/marcxml/schema/MARC21slim.xsd">
   <leader>00925njm 22002777a 4500</leader>
   <datafield ind2=" " ind1=" " tag="042">
      <subfield code="a">dc</subfield>
   </datafield>
   <datafield ind2=" " ind1=" " tag="720">
      <subfield code="a">Guillén-Gámez, Francisco David</subfield>
      <subfield code="e">author</subfield>
   </datafield>
   <datafield ind2=" " ind1=" " tag="720">
      <subfield code="a">Ruiz-Palmero, Julio</subfield>
      <subfield code="e">author</subfield>
   </datafield>
   <datafield ind2=" " ind1=" " tag="720">
      <subfield code="a">Sánchez-Rivas, Enrique</subfield>
      <subfield code="e">author</subfield>
   </datafield>
   <datafield ind2=" " ind1=" " tag="720">
      <subfield code="a">Colomo-Magaña, Ernesto</subfield>
      <subfield code="e">author</subfield>
   </datafield>
   <datafield ind2=" " ind1=" " tag="260">
      <subfield code="c">2020-04-24</subfield>
   </datafield>
   <datafield ind2=" " ind1=" " tag="520">
      <subfield code="a">Research skills are part of the academic activities of Higher Education teachers. Regardless of the knowledge area they teach, there is a need to observe, reflect, select, analyse and communicate scientific results using technological advances. The aim of this study is to analyse the use that teachers make of different ICT resources for research in terms of gender, comparing within each gender the different areas of knowledge to which the teachers belong (Science and Engineering-Architecture, Health Sciences, Art-Humanities and Social-Legal Sciences). To this end, an ex post facto design through surveys was used with a sample of 867 university teachers in the Spanish education system. For the comparative analysis, univariate ANOVA by multiple comparisons was used. The findings revealed that teachers have, in general terms and in both genres, an average level of use, highlighting more use in digital databases, academic Google, high-impact journal websites, and very little use in data analysis software, mainly in qualitative software. The results highlighted that the EngineeringArchitecture area is the one that makes the greatest use of ICT for research in comparison with the Art-Humanities area which uses ICT resources the least. The results demonstrate the need to develop procedural and cognitive skills in teaching staff in the most needed areas, not only to encourage them to continue researching and sharing the results acquired, but also to attend and prepare students in research skills so that they can continue learning and increasing their academic and professional training once the university stage is over.</subfield>
   </datafield>
   <datafield ind1="8" ind2=" " tag="024">
      <subfield code="a">Guillén, F.D., Ruiz, J., Sánchez, E., &amp; Colomo, E. (2020). ICT resources for research: an ANOVA analysis on the digital research skills of higher education teachers comparing the areas of knowledge within each gender. Education and Information Technologies, 25, 4575–4589. https://doi.org/10.1007/s10639-020-10176-6</subfield>
   </datafield>
   <datafield ind1="8" ind2=" " tag="024">
      <subfield code="a">https://hdl.handle.net/10630/28959</subfield>
   </datafield>
   <datafield ind1="8" ind2=" " tag="024">
      <subfield code="a">https://doi.org/10.1007/s10639-020-10176-6</subfield>
   </datafield>
   <datafield ind2="0" ind1="0" tag="245">
      <subfield code="a">ICT resources for research: an ANOVA analysis on the digital research skills of higher education teachers comparing the areas of knowledge within each gender</subfield>
   </datafield>
</record>
</metadata></record></GetRecord></OAI-PMH>